| 000 | 00721nam a2200229Ia 4500 | ||
|---|---|---|---|
| 005 | 20250508164119.0 | ||
| 008 | 008 250505s9999 xx 000 0 eng d | ||
| 020 | _a0-415-26225-9 | ||
| 037 | _aTextual | ||
| 040 |
_aFEDL _beng _cFEDL |
||
| 041 |
_aeng _2eng |
||
| 084 |
_a374, DUT _qFEDL |
||
| 100 |
_aDutton William H Ed. _9777368 |
||
| 245 | 0 | _aDigital academe: The new media and institutions of higher education and learning | |
| 260 |
_aLondon, UK _bRoutledge _c2002 |
||
| 300 | _axxxii,368p | ||
| 365 |
_aGBP _b18.99 |
||
| 650 |
_aHigher education; Media and institutions - Learning _9777369 |
||
| 700 |
_a Loader Brain D Ed. _9777370 |
||
| 942 |
_cTEXL _h374, DUT |
||
| 999 |
_c1387116 _d1387116 |
||